000 007320000a22002890004500
003 LK-CoMWRAF
005 20231203222230.0
008 230817t ||||| |||| 00| 0 eng d
020 _a8187570318
040 _aLK-CoMWRAF
_dLK-CoMWRAF
_eLK-CoMWRAF
041 _aeng
082 _a305
_bKHA
100 _aKhan, Maulana Wahiduddin
245 _aWoman in Islamic Shari'ah
260 _bGoodword
_aNew Delhi
_c2003
300 _ap.159
650 _aBelieving Women
650 _aDivorce
650 _aDowry
650 _aMuslim Woman
650 _aPoligamy in Islam
650 _aRights of Husband and Wife
650 _aStatus of Woman
650 _aSuccess in Marriage
650 _aWomanhood in Islam
942 _cBK
999 _c853
_d853